000 00684nam a22002057a 4500
999 _c3886
_d3886
003 AR-CdUCM
008 190307b ||||| |||| 00| 0 spa d
020 _a968-816-000-8
040 _aMUNICIPALIDAD PROVINCIAL DEL CUSCO
_cBIBLIOTECA MUNICIPAL DEL CUSCO
082 _a869.1 /
_bD82
110 _aDepartamento del Distrito Federal
_912486
245 _aEl 5 de mayo de 1862 a traves de la Historia de México /
260 _aMéxico :
_bDepartamento del Distrito Federa ,
_c1983.
300 _a126 páginas ;
_c21 cm.
650 _aHistoria de México
_919
650 _aIndependencia Méxicana
_912487
650 _aMéxico Historico
_912488
942 _2ddc
_cLIBROS
945 _artm